Literature - British | 4 | 0 | 0 | 0 | 60 | 57 | 67.75 | 0 | 0 |
History - Cross, Historiography, and Miscellaneous | 1 | 4 | 0 | 0 | 55 | 52 | 95.60 | 0 | 0 |
Literature - World and Miscellaneous | 1 | 4 | 0 | 0 | 55 | 54 | 91.20 | 0 | 0 |
Other - Other Academic and General Knowledge | 0 | 4 | 0 | 0 | 40 | 71 | 89.50 | 0 | 0 |
History - World | 0 | 4 | 0 | 0 | 40 | 68 | 100.50 | 0 | 0 |
Literature - American | 0 | 4 | 0 | 0 | 40 | 109 | 125.50 | 0 | 0 |
Science - Engineering and Miscellaneous | 0 | 3 | 0 | 0 | 30 | 85 | 101.00 | 0 | 0 |
RMP - Philosophy | 0 | 3 | 0 | 0 | 30 | 91 | 107.00 | 0 | 0 |
Geography - Europe | 1 | 1 | 0 | 0 | 25 | 63 | 96.00 | 0 | 0 |
History - American | 1 | 1 | 0 | 0 | 25 | 19 | 66.50 | 0 | 1 |
Fine Arts - Sculpture | 0 | 2 | 0 | 0 | 20 | 86 | 104.50 | 0 | 0 |
RMP - World Mythology | 0 | 2 | 0 | 0 | 20 | 119 | 123.00 | 0 | 0 |
Fine Arts - Music | 0 | 2 | 0 | 0 | 20 | 112 | 113.00 | 0 | 0 |
RMP - Jewish Practice | 0 | 2 | 0 | 0 | 20 | 110 | 116.00 | 0 | 0 |
RMP - Greco-Roman Mythology | 1 | 0 | 0 | 0 | 15 | 71 | 71.00 | 0 | 0 |
History - European | 1 | 0 | 0 | 0 | 15 | 58 | 58.00 | 0 | 1 |
RMP - Christian Practice | 1 | 0 | 0 | 0 | 15 | 55 | 55.00 | 0 | 0 |
Social Science - Psychology | 0 | 1 | 0 | 0 | 10 | 61 | 61.00 | 0 | 0 |
Fine Arts - Architecture | 0 | 1 | 0 | 0 | 10 | 117 | 117.00 | 0 | 0 |
Fine Arts - Miscellaneous | 0 | 1 | 0 | 0 | 10 | 101 | 101.00 | 0 | 0 |
Fine Arts - Painting | 0 | 1 | 0 | 0 | 10 | 107 | 107.00 | 0 | 0 |
Literature - European | 0 | 1 | 0 | 0 | 10 | 98 | 98.00 | 0 | 0 |
RMP - Islam | 0 | 1 | 0 | 0 | 10 | 123 | 123.00 | 0 | 0 |
Science - Math | 0 | 1 | 0 | 0 | 10 | 94 | 94.00 | 0 | 0 |
Current Events - U.S. | 0 | 1 | 0 | 0 | 10 | 117 | 117.00 | 0 | 0 |
Science - Biology | 0 | 1 | 0 | 0 | 10 | 106 | 106.00 | 0 | 0 |
Geography - United States | 0 | 0 | 0 | 0 | 0 | | 0.00 | 0 | 0 |
Fine Arts - Jazz | 0 | 0 | 0 | 0 | 0 | | 0.00 | 0 | 0 |